| 000 | 00463nam a2200169Ia 4500 | ||
|---|---|---|---|
| 008 | 210210b2006 xxu||||| |||| 00| 0 eng d | ||
| 020 | _a81 219 2662 9 | ||
| 082 | _a657.046 BAGF | ||
| 100 | _aBAGAVATHI and UMA (S). | ||
| 245 | _aFundamentals of advanced accounting (financial accounting). V 1. | ||
| 260 |
_aND _bS. Chand & Co. Ltd. _c2006 |
||
| 300 | _aix,994 | ||
| 440 | _a1 | ||
| 650 | _aFinancial Accounting | ||
| 690 | _aAccountancy | ||
| 906 | _a061444 | ||
| 999 |
_c108310 _d108310 |
||